Science - Physics | 2 | 6 | 0 | 0 | 90 | 50 | 64.63 | 6 | 8 |
Fine Arts - Auditory Fine Arts | 2 | 5 | 1 | 2 | 75 | 22 | 91.71 | 4 | 7 |
Fine Arts - Other Fine Arts | 2 | 3 | 0 | 0 | 60 | 53 | 78.80 | 3 | 5 |
Philosophy | 2 | 4 | 2 | 0 | 60 | 50 | 76.00 | 5 | 6 |
Literature - World Literature | 0 | 5 | 0 | 0 | 50 | 81 | 99.40 | 3 | 5 |
Religion | 0 | 5 | 0 | 1 | 50 | 109 | 123.20 | 1 | 5 |
History - European History | 3 | 0 | 0 | 0 | 45 | 52 | 54.67 | 3 | 3 |
Social Science | 0 | 4 | 0 | 0 | 40 | 113 | 117.25 | 1 | 4 |
History - American History | 0 | 3 | 0 | 1 | 30 | 69 | 111.00 | 1 | 3 |
Science - Biology | 0 | 3 | 0 | 0 | 30 | 61 | 85.33 | 1 | 3 |
Science - Other Science | 2 | 1 | 2 | 0 | 30 | 62 | 78.33 | 2 | 3 |
Fine Arts - Visual Fine Arts | 0 | 4 | 2 | 0 | 30 | 92 | 117.25 | 0 | 4 |
Literature - European Literature | 0 | 3 | 1 | 1 | 25 | 76 | 104.67 | 2 | 3 |
Literature - British Literature | 0 | 2 | 0 | 0 | 20 | 106 | 115.50 | 1 | 2 |
Mythology | 0 | 2 | 0 | 0 | 20 | 84 | 101.50 | 1 | 2 |
Literature - American Literature | 0 | 2 | 0 | 0 | 20 | 89 | 104.50 | 1 | 2 |
History - World History | 1 | 0 | 0 | 0 | 15 | 68 | 68.00 | 1 | 1 |
History - Other History | 0 | 1 | 0 | 0 | 10 | 127 | 127.00 | 1 | 1 |
Pop Culture | 0 | 1 | 0 | 0 | 10 | 130 | 130.00 | 1 | 1 |
Science - Chemistry | 1 | 0 | 1 | 0 | 10 | 55 | 55.00 | 1 | 1 |